Hướng dẫn thực hành hoạch toán kế toán bài tập và lập báo cáo tài chính doanh nghiệp thương mại và dịch vụ

Nội dung giới thiệu các chính sách, chế độ mới về kinh tế, tài chính, kế toán; đồng thời hướng dẫn thực hành ghi sổ kế toán, hạch toán tổng hợp, hạch toán chi tiết, cũng như phương pháp lập báo cáo tài chính doanh nghiệp thương mại v...

Full beskrivning

Sparad:
Bibliografiska uppgifter
Huvudupphovsman: Nguyễn, Văn Nhiệm
Materialtyp: Bok
Språk:Undetermined
Publicerad: Hà Nội Thống Kê 1998
Ämnen:
Taggar: Lägg till en tagg
Inga taggar, Lägg till första taggen!
Thư viện lưu trữ: Trung tâm Học liệu Trường Đại học Cần Thơ
LEADER 01095nam a2200193Ia 4500
001 CTU_155765
008 210402s9999 xx 000 0 und d
082 |a 657.3 
082 |b Nh304 
100 |a Nguyễn, Văn Nhiệm 
245 0 |a Hướng dẫn thực hành hoạch toán kế toán bài tập và lập báo cáo tài chính doanh nghiệp thương mại và dịch vụ 
245 0 |c Nguyễn Văn Nhiệm 
260 |a Hà Nội 
260 |b Thống Kê 
260 |c 1998 
520 |a Nội dung giới thiệu các chính sách, chế độ mới về kinh tế, tài chính, kế toán; đồng thời hướng dẫn thực hành ghi sổ kế toán, hạch toán tổng hợp, hạch toán chi tiết, cũng như phương pháp lập báo cáo tài chính doanh nghiệp thương mại và dịch vụ. 
650 |a Accounting,Managerial accounting,Kế toán,Quản lý kế toán 
904 |i QHieu 
980 |a Trung tâm Học liệu Trường Đại học Cần Thơ